| 000 | 01081cab a2200265 4500 | ||
|---|---|---|---|
| 001 | WB3345-38 | ||
| 008 | 090401t1997 xxu||||| |||| 00| 0 eng d | ||
| 035 | _a(Sirsi) u82130 | ||
| 041 | _aeng | ||
| 245 | _aNewham LBC v Phillips | ||
| 260 | _c1997 | ||
| 350 | _a0 | ||
| 490 |
_aEstates Gazette Case Summaries _v[1997] EGCS 143 (8/11/97) |
||
| 490 |
_aTimes _v12 November 1997, 45(2) |
||
| 520 | _a"Newham LBC v Phillips" CA 30 October 1997. On tenant`s death, secure tenancy was taken over by tenant`s daughters. When P served notice to quit on her sister, N sought order for possession against P, claiming notice to quit had terminated a joint tenancy. P claimed she was sole tenant under Housing Act 1980 s30. Claim for possession failed. N appealed. Appeal dismissed. | ||
| 650 | _aHOUSING ACT 1980 S30 | ||
| 650 | _aJOINT TENANCY | ||
| 650 | _aNEWHAM LBC V PHILLIPS | ||
| 650 | _aNOTICE TO QUIT | ||
| 650 | _aPOSSESSION ORDER | ||
| 650 | _aSECURE TENANCY | ||
| 690 | _aLANDLORD AND TENANT-CASE LAW-RESIDENTIAL TENANCIES | ||
| 942 | _n0 | ||
| 948 | _c17/11/1997 | ||
| 999 |
_c51809 _d51809 |
||